Science Quiz

Random Science or Biology Quiz

Organ Transplants Quiz Stats

 Plays Quiz Updated May 24, 2013

Support Sporcle.
Go Orange.
Score 0/6 Timer 01:00
1 Play Today
% Correct
Heart
99.3%
Kidney
96.1%
Liver
95.8%
Lung
92.2%
Pancreas
47.9%
Intestine
36.2%

From the Vault

2000s Songs Meeting in the Middle

by ghcgh

Music 5m
Well everything is all about compromise, so meeting in the middle is a pretty important skill.
Remove Ads.
Support Sporcle.
Get the best of Sporcle when you Go Orange. This ad-free experience offers more features, more stats, and more fun while also helping to support Sporcle. Thank you for becoming a member.

Show Comments

Extras

Top Quizzes Today


Score Distribution

Your Account Isn't Verified!

In order to create a playlist on Sporcle, you need to verify the email address you used during registration. Go to your Sporcle Settings to finish the process.

Report this User

Report this user for behavior that violates our Community Guidelines.

Details: